[Event "CYCC U12"]
[Site "Victoria CAN"]
[Date "2009.07.22"]
[Round "5"]
[White "Hui, Jeremy"]
[Black "Jensen, Jacob"]
[Result "1-0"]
[WhiteElo "1500"]
[BlackElo "1635"]
[PlyCount "75"]
[GameId "2160767910093745"]
[EventDate "2009.07.21"]
[EventType "swiss"]
[EventRounds "7"]
[EventCountry "CAN"]
[SourceTitle "EXT 2011"]
[Source "ChessBase"]
[SourceDate "2011.11.26"]
[SourceVersion "1"]
[SourceVersionDate "2011.11.26"]
[SourceQuality "1"]

1. e4 c5 2. c3 d5 3. exd5 Qxd5 4. d4 Nf6 5. Nf3 Bg4 6. Be2 e6 7. O-O Nc6 8. Be3 cxd4 9. cxd4 Be7 10. Nc3 Qd6 11. Rc1 O-O 12. Qd2 Rfd8 13. Rfd1 Nd5 14. Nxd5 Qxd5 15. a3 Rac8 16. h3 Bh5 17. Bc4 Qd7 18. Be2 Bf6 19. Rc3 Bxf3 20. gxf3 e5 21. d5 Qxh3 22. Qc1 Nd4 23. Bxd4 exd4 24. Rxc8 Rxc8 25. Qf4 Re8 26. Bf1 Qd7 27. Bc4 Re5 28. Qh2 g6 29. Kf1 Qc7 30. Be2 Qc2 31. Re1 d3 32. Bd1 Rxe1+ 33. Kxe1 Qxb2 34. Qb8+ Kg7 35. d6 d2+ 36. Ke2 Bg5 37. Qe8 Qb5+ 38. Qxb5 1-0

[Event "CYCC U12"]
[Site "Victoria CAN"]
[Date "2009.07.22"]
[Round "5"]
[White "Kalra, Agastya"]
[Black "Fu, James"]
[Result "0-1"]
[WhiteElo "1817"]
[BlackElo "1806"]
[PlyCount "104"]
[GameId "2160767910093746"]
[EventDate "2009.07.21"]
[EventType "swiss"]
[EventRounds "7"]
[EventCountry "CAN"]
[SourceTitle "EXT 2011"]
[Source "ChessBase"]
[SourceDate "2011.11.26"]
[SourceVersion "1"]
[SourceVersionDate "2011.11.26"]
[SourceQuality "1"]

1. e4 e5 2. Nf3 Nc6 3. d4 exd4 4. c3 dxc3 5. Nxc3 Bb4 6. Bc4 Nge7 7. O-O Bxc3 8. bxc3 O-O 9. Re1 d6 10. Bg5 h6 11. Bh4 Qe8 12. e5 d5 13. Bxd5 Ng6 14. Bg3 Bg4 15. Qb1 Nge7 16. Be4 Qc8 17. Nd4 Rb8 18. Qc2 Rd8 19. f3 Nxd4 20. cxd4 Be6 21. Rad1 c6 22. Bh4 g5 23. Bg3 Qc7 24. Kh1 Nd5 25. Bxd5 Rxd5 26. f4 Rbd8 27. f5 Bc8 28. e6 Qe7 29. exf7+ Qxf7 30. Qe4 Bxf5 31. Qe7 Qxe7 32. Rxe7 Rxd4 33. Rxd4 Rxd4 34. h3 Rd7 35. Rxd7 Bxd7 36. Bb8 a5 37. Bc7 a4 38. a3 Kf7 39. Kg1 Ke6 40. Kf2 Kd5 41. Ke3 Kc4 42. Ke4 c5 43. Bd6 Bc6+ 44. Kf5 Bxg2 45. Kg6 Bxh3 46. Kxh6 g4 47. Kg5 b5 48. Kf4 b4 49. axb4 cxb4 50. Ke3 Kc3 51. Ke2 b3 52. Kd1 b2 0-1

[Event "CYCC U12"]
[Site "Victoria CAN"]
[Date "2009.07.22"]
[Round "5"]
[White "McCleary, Reuben"]
[Black "Cheng, Guy"]
[Result "1/2-1/2"]
[WhiteElo "1508"]
[BlackElo "1292"]
[PlyCount "39"]
[GameId "2160767910093747"]
[EventDate "2009.07.21"]
[EventType "swiss"]
[EventRounds "7"]
[EventCountry "CAN"]
[SourceTitle "EXT 2011"]
[Source "ChessBase"]
[SourceDate "2011.11.26"]
[SourceVersion "1"]
[SourceVersionDate "2011.11.26"]
[SourceQuality "1"]

1. e4 c5 2. c3 d6 3. d4 cxd4 4. cxd4 Nf6 5. Nc3 e6 6. Nf3 d5 7. e5 Nfd7 8. Bd3 Nc6 9. O-O Be7 10. a3 Nb6 11. Qc2 Bd7 12. Bxh7 a6 13. Be3 Qc7 14. Bd3 O-O-O 15. Rac1 Kb8 16. Bf4 Rdg8 17. Bh7 Rf8 18. Bd3 Rfg8 19. Bg3 g5 20. Ne2 1/2-1/2

[Event "CYCC U12"]
[Site "Victoria CAN"]
[Date "2009.07.22"]
[Round "5"]
[White "Qian, Jack"]
[Black "Lai, Peter"]
[Result "0-1"]
[WhiteElo "1319"]
[BlackElo "1773"]
[PlyCount "54"]
[GameId "2160767910093749"]
[EventDate "2009.07.21"]
[EventType "swiss"]
[EventRounds "7"]
[EventCountry "CAN"]

1. e4 e6 2. d4 d5 3. Nc3 Nf6 4. e5 Nfd7 5. f4 c5 6. Nf3 Nc6 7. Be3 Qb6 8. Qd2 cxd4 9. Nxd4 Nxd4 10. Bxd4 Qd8 11. Be2 Be7 12. O-O O-O 13. Kh1 f6 14. Rf3 fxe5 15. fxe5 Rxf3 16. Bxf3 Bc5 17. Bxd5 exd5 18. e6 Bxd4 19. exd7 Bxc3 20. Qxd5+ Kh8 21. dxc8=Q Qxc8 22. bxc3 Qxc3 23. Rb1 Re8 24. h3 Qxc2 25. Rxb7 Qc1+ 26. Kh2 Qf4+ 27. g3 Re2+ 0-1

[Event "CYCC U12"]
[Site "Victoria CAN"]
[Date "2009.07.23"]
[Round "5"]
[White "Herdin, Matthew"]
[Black "Lo, Ryan"]
[Result "1/2-1/2"]
[WhiteElo "1480"]
[BlackElo "1615"]
[PlyCount "70"]
[GameId "2160767910093751"]
[EventDate "2009.07.21"]
[EventType "swiss"]
[EventRounds "7"]
[EventCountry "CAN"]
[SourceTitle "hb 2009.10"]

1. b3 b6 2. Bb2 Bb7 3. e3 e6 4. Nf3 c5 5. Be2 d5 6. d4 Nd7 7. O-O Ngf6 8. c4 Be7 9. Nc3 O-O 10. Rc1 Rc8 11. Ne5 Nxe5 12. dxe5 Ne4 13. Bf3 Nxc3 14. Bxc3 Rc7 15. Qe2 d4 16. Rfd1 Bxf3 17. Qxf3 Rd7 18. exd4 cxd4 19. Bb2 Bc5 20. Rd3 f6 21. Qe4 fxe5 22. Qxe5 Qf6 23. Qxf6 gxf6 24. Re1 e5 25. f3 a5 26. g4 Rff7 27. a3 h5 28. h4 a4 29. Kh2 Rh7 30. g5 fxg5 31. hxg5 Rde7 32. Re4 Rhg7 33. Bc1 Kh7 34. Kh3 Kg6 35. Kh4 Rgf7 1/2-1/2

[Event "CYCC U12"]
[Site "Victoria CAN"]
[Date "2009.07.23"]
[Round "5"]
[White "McCullough, David"]
[Black "Rathburn-MacKay, Hector"]
[Result "1/2-1/2"]
[Annotator ",user"]
[WhiteElo "1373"]
[BlackElo "1436"]
[PlyCount "62"]
[GameId "2160767910093752"]
[EventDate "2009.07.21"]
[EventType "swiss"]
[EventRounds "7"]
[EventCountry "CAN"]
[SourceTitle "hb 2009.10"]

1. d4 g6 2. c4 Bg7 3. Nc3 d6 4. e4 Nc6 5. Nf3 Bg4 6. Be3 e5 7. d5 Nd4 8. Be2 c5 9. O-O Ne7 10. Nxd4 exd4 11. Bxg4 dxc3 12. Qa4+ Kf8 13. bxc3 Bxc3 14. Rab1 b6 15. Bf4 Kg7 16. Qd7 f5 17. Qxd8 Rhxd8 18. exf5 Nxf5 19. Bxf5 gxf5 20. Rb3 Be5 21. Bxe5+ dxe5 22. Rg3+ Kf6 23. a4 a6 24. h3 Rd6 25. Rb1 Rb8 26. Rgb3 a5 27. f3 Rb7 28. g4 h5 29. Kg2 Kg5 30. Kg3 h4+ 31. Kf2 f4 1/2-1/2

[Event "CYCC U12"]
[Site "Victoria CAN"]
[Date "2009.07.23"]
[Round "6"]
[White "Cheng, Guy"]
[Black "Qian, Jack"]
[Result "0-1"]
[WhiteElo "1292"]
[BlackElo "1319"]
[PlyCount "158"]
[GameId "2160767910093753"]
[EventDate "2009.07.21"]
[EventType "swiss"]
[EventRounds "7"]
[EventCountry "CAN"]
[SourceTitle "EXT 2011"]
[Source "ChessBase"]
[SourceDate "2011.11.26"]
[SourceVersion "1"]
[SourceVersionDate "2011.11.26"]
[SourceQuality "1"]

1. d4 Nf6 2. c4 e6 3. Nc3 Bb4 4. e3 c5 5. Nge2 O-O 6. a3 cxd4 7. exd4 Be7 8. Bf4 b6 9. Ng1 d5 10. Nf3 Bb7 11. Be2 dxc4 12. Bxc4 Nd5 13. Be3 Na6 14. O-O Rc8 15. Qd3 Nac7 16. Bd2 Nf6 17. Rac1 Ncd5 18. Rfe1 h6 19. Bb3 Bd6 20. Bc2 Nf4 21. Bxf4 Bxf4 22. Rcd1 Qc7 23. Ne5 Rfd8 24. Qe2 Bxe5 25. Qxe5 Qxe5 26. dxe5 Rxd1 27. Rxd1 Nd5 28. Kf1 Kf8 29. Be4 Nxc3 30. Bxb7 Nxd1 31. Bxc8 Nxb2 32. Ba6 Na4 33. Ke2 Ke7 34. Ke3 Nc5 35. Be2 f6 36. exf6+ gxf6 37. Bc4 e5 38. h3 a6 39. f3 b5 40. Be2 f5 41. f4 Kf6 42. g4 exf4+ 43. Kxf4 fxg4 44. hxg4 Ke6 45. Bf3 a5 46. Be2 b4 47. axb4 axb4 48. Bc4+ Kf6 49. Ke3 Ke5 50. Kf3 b3 51. Bxb3 Nxb3 52. Kg3 Kf6 53. Kh4 Kg6 54. Kg3 Kg5 55. Kh3 Nd4 56. Kg3 Nc6 57. Kh3 Ne5 58. Kg3 Nxg4 59. Kh3 Nf6 60. Kg3 Nd5 61. Kh3 Ne7 62. Kg3 Nf5+ 63. Kh3 h5 64. Kh2 Kh4 65. Kg2 Nh6 66. Kh2 Kg4 67. Kg2 Nf5 68. Kh2 Ne3 69. Kh1 Kg3 70. Kg1 Nd5 71. Kh1 Nf6 72. Kg1 Ng4 73. Kh1 Nf2+ 74. Kg1 h4 75. Kf1 h3 76. Kg1 h2+ 77. Kf1 h1=Q+ 78. Ke2 Qd5 79. Ke3 Qd3# 0-1

[Event "CYCC U12"]
[Site "Victoria CAN"]
[Date "2009.07.23"]
[Round "6"]
[White "Fu, James"]
[Black "Hui, Jeremy"]
[Result "1-0"]
[WhiteElo "1806"]
[BlackElo "1500"]
[PlyCount "103"]
[GameId "2160767910093754"]
[EventDate "2009.07.21"]
[EventType "swiss"]
[EventRounds "7"]
[EventCountry "CAN"]
[SourceTitle "hb 2009.10"]

1. e4 e6 2. d4 d5 3. Nc3 Bb4 4. Bd3 c5 5. exd5 exd5 6. dxc5 Bxc3+ 7. bxc3 Nf6 8. Ne2 O-O 9. O-O Nc6 10. Bg5 h6 11. Bh4 Ne5 12. Nd4 Bd7 13. Re1 Re8 14. h3 g5 15. Bg3 Nxd3 16. cxd3 Rxe1+ 17. Qxe1 Rc8 18. Nb3 b6 19. Bd6 bxc5 20. Be7 Qb6 21. Qe5 Rc6 22. Nxc5 Bc8 23. Re1 Qc7 24. Bxf6 Qxe5 25. Rxe5 Rxc5 26. Kf1 Be6 27. Re1 Kf8 28. Ke2 Ke8 29. Rb1 Kd7 30. Kd2 Rc6 31. Bd4 a6 32. g4 h5 33. gxh5 Bxh3 34. Bg7 Bf5 35. Ke3 Kc7 36. Kd4 Rb6 37. Rg1 Rb2 38. Rxg5 Rxf2 39. Ke3 Rf1 40. Ke2 f6 41. Bxf6 Bxd3+ 42. Kxd3 Rxf6 43. Rxd5 Rf3+ 44. Kd4 Rf1 45. Kc5 Rc1 46. c4 Ra1 47. Rg5 Rxa2 48. Rg7+ Kd8 49. h6 Rh2 50. h7 Rh5+ 51. Kb4 a5+ 52. Ka4 1-0

[Event "CYCC U12"]
[Site "Victoria CAN"]
[Date "2009.07.23"]
[Round "6"]
[White "Jensen, Jacob"]
[Black "Rathburn-MacKay, Hector"]
[Result "1/2-1/2"]
[WhiteElo "1635"]
[BlackElo "1436"]
[PlyCount "133"]
[GameId "2160767910093755"]
[EventDate "2009.07.21"]
[EventType "swiss"]
[EventRounds "7"]
[EventCountry "CAN"]
[SourceTitle "EXT 2011"]
[Source "ChessBase"]
[SourceDate "2011.11.26"]
[SourceVersion "1"]
[SourceVersionDate "2011.11.26"]
[SourceQuality "1"]

1. c4 Nf6 2. Nc3 g6 3. g3 Bg7 4. Bg2 d6 5. Nf3 O-O 6. O-O e5 7. d3 c6 8. h3 Re8 9. Qc2 Nbd7 10. b4 d5 11. cxd5 Nxd5 12. Nxd5 cxd5 13. Bb2 Nb6 14. Rab1 Bf5 15. Qb3 Qe7 16. Rbc1 d4 17. Kh2 Be6 18. Qa3 a5 19. Rc5 axb4 20. Qxb4 Nd5 21. Qb5 Bd7 22. Qc4 Nb6 23. Qc2 Rec8 24. Rxc8+ Rxc8 25. Qb3 Qe6 26. Rc1 Rxc1 27. Bxc1 Qxb3 28. axb3 Bc6 29. Ba3 Nd5 30. Kg1 Nc3 31. Kf1 f6 32. Ke1 Bf8 33. Bxf8 Kxf8 34. e3 dxe3 35. fxe3 Bd5 36. Kd2 e4 37. dxe4 Nxe4+ 38. Kc2 Nxg3 39. Ne1 Bxg2 40. Nxg2 Ne4 41. h4 Ke7 42. Kd3 f5 43. Nf4 Kd6 44. Kd4 Nd2 45. Kc3 Nf3 46. Ng2 Kc5 47. Kc2 Kb4 48. Kb2 b5 49. Kc2 Ka3 50. Kc3 b4+ 51. Kc4 Nd2+ 52. Kb5 Kxb3 53. Nf4 Nf1 54. Nd5 h6 55. Kc5 g5 56. hxg5 hxg5 57. Nxb4 Nxe3 58. Nd3 f4 59. Kd4 Ng2 60. Ke4 Kc3 61. Ne5 Nh4 62. Nd3 Ng6 63. Nf2 Nh4 64. Nd3 f3 65. Ke3 g4 66. Ne5 g3 67. Nxf3 1/2-1/2

[Event "CYCC U12"]
[Site "Victoria CAN"]
[Date "2009.07.23"]
[Round "6"]
[White "Pecherski, Daniel"]
[Black "Kalra, Agastya"]
[Result "0-1"]
[WhiteElo "1731"]
[BlackElo "1817"]
[PlyCount "98"]
[GameId "2160767910093758"]
[EventDate "2009.07.21"]
[EventType "swiss"]
[EventRounds "7"]
[EventCountry "CAN"]
[SourceTitle "EXT 2011"]
[Source "ChessBase"]
[SourceDate "2011.11.26"]
[SourceVersion "1"]
[SourceVersionDate "2011.11.26"]
[SourceQuality "1"]

1. d4 Nf6 2. c4 c5 3. d5 b5 4. cxb5 a6 5. bxa6 Bxa6 6. Nc3 g6 7. e4 Bxf1 8. Kxf1 d6 9. g3 Bg7 10. Kg2 O-O 11. Nf3 Nbd7 12. Re1 Qa5 13. Qc2 Rfb8 14. h3 Nb6 15. Nd2 Nfd7 16. f4 Na4 17. Nxa4 Qxa4 18. b3 Qd4 19. Rb1 Qc3 20. Rb2 Qa5 21. a4 Bxb2 22. Bxb2 Nb6 23. Bc3 Qa6 24. a5 Nc8 25. e5 Qb7 26. Qe4 Na7 27. f5 Nb5 28. Bb2 gxf5 29. Qxf5 Qxd5+ 30. Ne4 Qe6 31. Qg5+ Qg6 32. Qxe7 Ra7 33. Qh4 Rxa5 34. exd6 Ra2 35. Nf6+ Kh8 36. Re2 Nd4 37. Rf2 Nf5 38. Qf4 Rxb2 39. Rxb2 Qxf6 40. Rf2 Qxd6 41. Qxf5 Rxb3 42. Qxf7 Rxg3+ 43. Kh1 Rxh3+ 44. Kg1 Qd1+ 45. Rf1 Qg4+ 46. Kf2 Qg3+ 47. Ke2 Qd3+ 48. Ke1 Re3+ 49. Kf2 Re2+ 0-1

[Event "CYCC U12"]
[Site "Victoria CAN"]
[Date "2009.07.23"]
[Round "6"]
[White "Violette, Sebastien"]
[Black "McCullough, David"]
[Result "0-1"]
[WhiteElo "1150"]
[BlackElo "1293"]
[PlyCount "113"]
[GameId "2160767910093760"]
[EventDate "2009.07.21"]
[EventType "swiss"]
[EventRounds "7"]
[EventCountry "CAN"]
[SourceTitle "EXT 2011"]
[Source "ChessBase"]
[SourceDate "2011.11.26"]
[SourceVersion "1"]
[SourceVersionDate "2011.11.26"]
[SourceQuality "1"]

1. e4 e6 2. d4 d5 3. Nc3 c5 4. Be3 dxe4 5. dxc5 Qxd1+ 6. Rxd1 Nf6 7. Bb5+ Bd7 8. Bxd7+ Nbxd7 9. f3 exf3 10. Nxf3 Bxc5 11. Bxc5 Nxc5 12. Nb5 O-O 13. O-O a6 14. Nc3 b5 15. b4 Nce4 16. Nxe4 Nxe4 17. a3 a5 18. Rd4 f5 19. Ne5 a4 20. Rfd1 Rac8 21. c4 bxc4 22. Nxc4 g5 23. b5 Nc3 24. Nd6 Ne2+ 25. Kf2 Nxd4 26. Nxc8 Nxb5 27. Nb6 Nxa3 28. Nxa4 Rc8 29. Kf1 Nc2 30. Rd2 Ra8 31. Rxc2 Rxa4 32. Rc8+ Kg7 33. Rc7+ Kg6 34. Rc6 Kf6 35. Rc7 h5 36. Rh7 h4 37. Rh6+ Ke5 38. Rh5 Kf4 39. Kf2 Ra2+ 40. Kf1 Ke3 41. g3 Kf3 42. Ke1 Rxh2 43. gxh4 gxh4 44. Rh6 e5 45. Ra6 e4 46. Ra3+ Kf4 47. Kf1 e3 48. Ra4+ Kf3 49. Kg1 Kg3 50. Ra3 f4 51. Rb3 Rf2 52. Rc3 h3 53. Rc1 e2 54. Rc3+ f3 55. Rc1 h2+ 56. Kh1 Rf1+ 57. Rxf1 0-1

[Event "CYCC U12"]
[Site "Victoria CAN"]
[Date "2009.07.24"]
[Round "7"]
[White "Fu, James"]
[Black "Lai, Peter"]
[Result "1-0"]
[WhiteElo "1806"]
[BlackElo "1773"]
[PlyCount "71"]
[GameId "2160767910093761"]
[EventDate "2009.07.21"]
[EventType "swiss"]
[EventRounds "7"]
[EventCountry "CAN"]
[SourceTitle "hb 2009.10"]

1. e4 e6 2. Nf3 d5 3. exd5 exd5 4. d4 Nf6 5. Bd3 Be7 6. O-O O-O 7. Ne5 Nbd7 8. Bf4 c5 9. c3 Qb6 10. b3 cxd4 11. cxd4 Nxe5 12. dxe5 Ng4 13. Nc3 Nxf2 14. Rxf2 Bc5 15. Bg3 Be6 16. Rc1 Rac8 17. Na4 Bxf2+ 18. Bxf2 Rxc1 19. Qxc1 Qa5 20. Be1 Qd8 21. h3 Qc8 22. Qg5 h6 23. Qe3 b6 24. Bd2 Bf5 25. Qg3 Kh8 26. Nc3 Bxd3 27. Qxd3 Rd8 28. Ne2 Qc5+ 29. Nd4 Re8 30. Bf4 a5 31. Kh2 g6 32. e6 Qe7 33. Qg3 g5 34. Bd6 Qb7 35. Qe5+ Kg8 36. e7 1-0

[Event "CYCC U12"]
[Site "Victoria CAN"]
[Date "2009.07.24"]
[Round "7"]
[White "Herdin, Matthew"]
[Black "Farias, Durval"]
[Result "1-0"]
[WhiteElo "1480"]
[BlackElo "828"]
[PlyCount "71"]
[GameId "2160767910093762"]
[EventDate "2009.07.21"]
[EventType "swiss"]
[EventRounds "7"]
[EventCountry "CAN"]
[SourceTitle "EXT 2011"]
[Source "ChessBase"]
[SourceDate "2011.11.26"]
[SourceVersion "1"]
[SourceVersionDate "2011.11.26"]
[SourceQuality "1"]

1. d4 g6 2. Nf3 Bg7 3. e3 e6 4. Bd3 Ne7 5. c4 b6 6. b3 d6 7. Bb2 Bb7 8. Nbd2 Nd7 9. O-O Nf6 10. Qc2 Ned5 11. cxd5 Nxd5 12. Be4 Nb4 13. Qb1 d5 14. Bc2 Nxc2 15. Qxc2 e5 16. dxe5 d4 17. Bxd4 O-O 18. Ne4 f5 19. exf6 Bxf6 20. Nxf6+ Rxf6 21. Bxf6 Qxf6 22. Qe2 a5 23. Rfd1 h5 24. Qc4+ Kf8 25. Qh4 Qxh4 26. Nxh4 g5 27. Nf5 Bxg2 28. Kxg2 h4 29. Rd7 g4 30. Rxc7 h3+ 31. Kg3 b5 32. Rd1 b4 33. Rdd7 a4 34. Rh7 Kg8 35. Rcg7+ Kf8 36. Rh8# 1-0

[Event "CYCC U12"]
[Site "Victoria CAN"]
[Date "2009.07.24"]
[Round "7"]
[White "Hui, Jeremy"]
[Black "Pecherski, Daniel"]
[Result "1/2-1/2"]
[WhiteElo "1500"]
[BlackElo "1731"]
[PlyCount "56"]
[GameId "2160767910093763"]
[EventDate "2009.07.21"]
[EventType "swiss"]
[EventRounds "7"]
[EventCountry "CAN"]
[SourceTitle "hb 2009.10"]

1. e4 e6 2. d4 d5 3. e5 c5 4. c3 Nc6 5. Nf3 Qb6 6. Be2 Nh6 7. Bxh6 Qxb2 8. Qd2 Qxa1 9. O-O cxd4 10. Bf4 a5 11. Rc1 Bc5 12. Bb5 Bd7 13. Qe2 dxc3 14. Nxc3 Qxc1+ 15. Bxc1 O-O 16. Bxc6 Bxc6 17. Qd3 h6 18. Be3 b6 19. Kf1 Rac8 20. g4 Rfd8 21. Bd4 Bxd4 22. Nxd4 Bb7 23. Ke1 Rc4 24. f4 Rdc8 25. Nce2 Ra4 26. Nc3 Rac4 27. Nce2 Ra4 28. Nc3 Rac4 1/2-1/2

[Event "CYCC U12"]
[Site "Victoria CAN"]
[Date "2009.07.24"]
[Round "7"]
[White "Jensen, Jacob"]
[Black "Violette, Sebastien"]
[Result "1-0"]
[WhiteElo "1635"]
[BlackElo "1150"]
[PlyCount "89"]
[GameId "2160767910093764"]
[EventDate "2009.07.21"]
[EventType "swiss"]
[EventRounds "7"]
[EventCountry "CAN"]
[SourceTitle "EXT 2011"]
[Source "ChessBase"]
[SourceDate "2011.11.26"]
[SourceVersion "1"]
[SourceVersionDate "2011.11.26"]
[SourceQuality "1"]

1. c4 e5 2. Nc3 Nf6 3. g3 d5 4. cxd5 Nxd5 5. Bg2 Be6 6. Nf3 Nc6 7. O-O Bc5 8. a3 a5 9. Qc2 O-O 10. d3 Nd4 11. Nxd4 exd4 12. Nxd5 Bxd5 13. Qxc5 Bxg2 14. Kxg2 b6 15. Qg5 f6 16. Qg4 Qd5+ 17. Qf3 Qxf3+ 18. Kxf3 Rae8 19. e3 dxe3 20. Bxe3 g5 21. Rfe1 h5 22. Rad1 g4+ 23. Kg2 Kf7 24. Bf4 Rc8 25. Re3 c6 26. Rde1 Kg6 27. h3 f5 28. h4 b5 29. Bg5 Rf7 30. Re6+ Kg7 31. Rd6 Rcc7 32. Ree6 Kg8 33. Rg6+ Kh7 34. Rh6+ Kg8 35. Bf6 Rh7 36. Rd8+ Kf7 37. Rxh7+ Kxf6 38. Rxc7 Ke5 39. Re7+ Kf6 40. Rde8 c5 41. Re6+ Kf7 42. R8e7+ Kf8 43. Ra7 a4 44. Rb6 Ke8 45. Rb8# 1-0

[Event "CYCC U12"]
[Site "Victoria CAN"]
[Date "2009.07.24"]
[Round "7"]
[White "Lo, Ryan"]
[Black "Sabaratnam, Thiruvaran"]
[Result "1/2-1/2"]
[WhiteElo "1615"]
[BlackElo "1632"]
[PlyCount "54"]
[GameId "2160767910093765"]
[EventDate "2009.07.21"]
[EventType "swiss"]
[EventRounds "7"]
[EventCountry "CAN"]
[SourceTitle "EXT 2011"]
[Source "ChessBase"]
[SourceDate "2011.11.26"]
[SourceVersion "1"]
[SourceVersionDate "2011.11.26"]
[SourceQuality "1"]

1. d4 d5 2. c4 e6 3. Nc3 Nf6 4. cxd5 exd5 5. Bg5 Be7 6. e3 O-O 7. Bd3 h6 8. Bh4 b6 9. Nge2 Bb7 10. O-O Nbd7 11. f3 c5 12. Bf2 c4 13. Bc2 a6 14. a4 Re8 15. Re1 Bb4 16. Ng3 b5 17. axb5 axb5 18. Rxa8 Qxa8 19. Qa1 Bxc3 20. bxc3 Nb6 21. Rb1 Bc6 22. Nf5 Qxa1 23. Rxa1 Na4 24. Bxa4 bxa4 25. Kf1 Kf8 26. Bg3 Kg8 27. Bh4 Kh7 1/2-1/2

[Event "CYCC U12"]
[Site "Victoria CAN"]
[Date "2009.07.24"]
[Round "7"]
[White "McCullough, David"]
[Black "Cheng, Guy"]
[Result "0-1"]
[WhiteElo "1293"]
[BlackElo "1292"]
[PlyCount "114"]
[GameId "2160767910093766"]
[EventDate "2009.07.21"]
[EventType "swiss"]
[EventRounds "7"]
[EventCountry "CAN"]
[SourceTitle "EXT 2011"]
[Source "ChessBase"]
[SourceDate "2011.11.26"]
[SourceVersion "1"]
[SourceVersionDate "2011.11.26"]
[SourceQuality "1"]

1. d4 d5 2. c4 e6 3. Nc3 Nf6 4. Bg5 Be7 5. c5 b6 6. b4 c6 7. e3 Ba6 8. Bxa6 Nxa6 9. a3 Qc8 10. Nf3 O-O 11. O-O Re8 12. Ne5 Nb8 13. Qf3 Nbd7 14. Nd3 Rb8 15. Rab1 bxc5 16. bxc5 Qa6 17. Nb4 Qc8 18. Rb3 e5 19. Rfb1 exd4 20. exd4 Ne4 21. Bf4 Bxc5 22. dxc5 Ndxc5 23. Nxe4 dxe4 24. Qe3 Nxb3 25. Bxb8 Nd2 26. Qxd2 Qxb8 27. Qe1 Qd6 28. g3 g6 29. Rc1 c5 30. Nd3 Qxd3 31. Rxc5 e3 32. fxe3 Qxe3+ 33. Qxe3 Rxe3 34. Ra5 Re7 35. a4 Kg7 36. Kg2 Kh6 37. h4 f5 38. Kf3 Kg7 39. h5 gxh5 40. Rxf5 Rf7 41. Kf4 Rxf5+ 42. Kxf5 Kh6 43. Kf6 a5 44. Kf5 h4 45. gxh4 Kh5 46. Ke4 Kxh4 47. Kd4 Kg3 48. Kc5 h5 49. Kb5 h4 50. Kxa5 h3 51. Kb6 h2 52. a5 h1=Q 53. a6 Qb1+ 54. Ka7 Qa2 55. Kb6 Qb3+ 56. Ka5 Qb8 57. Ka4 Kf4 0-1

[Event "CYCC U12"]
[Site "Victoria CAN"]
[Date "2009.07.24"]
[Round "7"]
[White "Qian, Jack"]
[Black "McCleary, Reuben"]
[Result "1-0"]
[WhiteElo "1319"]
[BlackElo "1508"]
[PlyCount "65"]
[GameId "2160767910093767"]
[EventDate "2009.07.21"]
[EventType "swiss"]
[EventRounds "7"]
[EventCountry "CAN"]
[SourceTitle "EXT 2011"]
[Source "ChessBase"]
[SourceDate "2011.11.26"]
[SourceVersion "1"]
[SourceVersionDate "2011.11.26"]
[SourceQuality "1"]

1. e4 c5 2. Nf3 e6 3. d4 cxd4 4. Nxd4 Nf6 5. Nc3 Bb4 6. Bd3 d5 7. e5 Nfd7 8. f4 Nc6 9. Nxc6 bxc6 10. a3 Bxc3+ 11. bxc3 O-O 12. Be3 Qa5 13. Qd2 Ba6 14. O-O f6 15. Qe2 Bxd3 16. cxd3 fxe5 17. fxe5 Qxc3 18. Rfc1 Qxe5 19. d4 Qd6 20. Bf2 Nf6 21. Bg3 Qd7 22. Qa6 Rac8 23. Rab1 Rf7 24. Rb2 Ne4 25. Be5 c5 26. dxc5 Rxc5 27. Rcb1 Rc6 28. Qa4 Rc1+ 29. Rxc1 Qxa4 30. Rb8+ Rf8 31. Rb7 Qxa3 32. Rxg7+ Kh8 33. Rg3+ 1-0

[Event "CYCC U12 w"]
[Site "Victoria CAN"]
[Date "2009.07.21"]
[Round "1"]
[White "Giblon, Rebecca"]
[Black "Peng, Jackie"]
[Result "1/2-1/2"]
[WhiteElo "1556"]
[BlackElo "1530"]
[PlyCount "102"]
[GameId "2160767910093770"]
[EventDate "2009.07.21"]
[EventType "swiss"]
[EventRounds "7"]
[EventCountry "CAN"]
[SourceTitle "EXT 2011"]
[Source "ChessBase"]
[SourceDate "2011.11.26"]
[SourceVersion "1"]
[SourceVersionDate "2011.11.26"]
[SourceQuality "1"]

1. e4 e5 2. Nf3 Nc6 3. Nc3 Nf6 4. d4 exd4 5. Nxd4 Bb4 6. Nxc6 bxc6 7. Bd3 O-O 8. O-O d6 9. Bg5 Re8 10. Qf3 h6 11. Bxf6 Qxf6 12. Qxf6 gxf6 13. Rab1 Be6 14. a3 Ba5 15. f4 Rab8 16. f5 Bd7 17. Ne2 Bb6+ 18. Kh1 Kh7 19. Ng3 Bd4 20. c3 Be5 21. Rfc1 Bxg3 22. hxg3 Rg8 23. Kh2 c5 24. Bc4 Rg7 25. Re1 c6 26. b3 Rd8 27. Rbd1 Bc8 28. Re3 Bb7 29. Red3 Rdg8 30. Rxd6 Rxg3 31. Rxf6 Rxg2+ 32. Kh1 R2g4 33. Rd2 Rh4+ 34. Rh2 Rxe4 35. Rxf7+ Rg7 36. Rxg7+ Kxg7 37. Be6 Re1+ 38. Kg2 Re2+ 39. Kg1 Rxh2 40. Kxh2 c4 41. Bxc4 Bc8 42. Bd3 Kf6 43. Be4 c5 44. b4 Bxf5 45. Bb7 cxb4 46. axb4 Ke5 47. Ba6 Be6 48. c4 Kd6 49. Bb5 Bd7 50. Bxd7 Kxd7 51. c5 Kc6 1/2-1/2

[Event "CYCC U12 w"]
[Site "Victoria CAN"]
[Date "2009.07.21"]
[Round "1"]
[White "Hou, Louisa Qianqian"]
[Black "Foote, Joanne"]
[Result "0-1"]
[WhiteElo "1331"]
[BlackElo "1345"]
[PlyCount "96"]
[GameId "2160767910093771"]
[EventDate "2009.07.21"]
[EventType "swiss"]
[EventRounds "7"]
[EventCountry "CAN"]
[SourceTitle "hb 2009.10"]

1. d4 e6 2. c4 d5 3. Nc3 Nf6 4. Bg5 Nbd7 5. Nf3 c6 6. e3 Qa5 7. a3 Be7 8. Bd3 O-O 9. Qc2 Re8 10. O-O h6 11. Bh4 dxc4 12. Bxc4 b5 13. Bd3 Bb7 14. Rac1 a6 15. Ne4 Qc7 16. Nxf6+ Nxf6 17. Ne5 Rac8 18. Bg3 c5 19. dxc5 Bxc5 20. b4 Bb6 21. Qxc7 Rxc7 22. Rxc7 Bxc7 23. Rc1 Bb8 24. Be2 Ne4 25. Nd3 Nxg3 26. hxg3 Bd6 27. f4 Be4 28. Nc5 Bxc5 29. bxc5 Bc6 30. Bf3 Rc8 31. g4 Bxf3 32. gxf3 Kf8 33. Kf2 Ke7 34. Ke2 g6 35. Kd3 f6 36. e4 h5 37. e5 hxg4 38. fxg4 f5 39. gxf5 gxf5 40. c6 Kd8 41. Kd4 Kc7 42. Kc5 Rd8 43. Rh1 Rd5+ 44. Kb4 Kxc6 45. Rh6 Rd4+ 46. Kc3 Kd5 47. Rxe6 Rc4+ 48. Kd3 Kxe6 0-1

[Event "CYCC U12 w"]
[Site "Victoria CAN"]
[Date "2009.07.21"]
[Round "2"]
[White "Foote, Joanne"]
[Black "Sametova, Zhanna"]
[Result "0-1"]
[WhiteElo "1345"]
[BlackElo "1145"]
[PlyCount "92"]
[GameId "2160767910093774"]
[EventDate "2009.07.21"]
[EventType "swiss"]
[EventRounds "7"]
[EventCountry "CAN"]
[SourceTitle "hb 2009.10"]

1. e4 c5 2. c3 Nc6 3. d4 cxd4 4. cxd4 e6 5. Nf3 Nf6 6. Bd3 d5 7. e5 Ne4 8. O-O Qb6 9. b3 Bb4 10. Be3 h6 11. Qc2 Bc3 12. Nxc3 Nb4 13. Na4 Qa5 14. Qe2 Bd7 15. Nd2 Nxd3 16. Qxd3 Bb5 17. Nc4 dxc4 18. Qxe4 cxb3 19. Qxb7 O-O 20. Nb2 Bxf1 21. Kxf1 Rab8 22. Qe4 bxa2 23. Qc2 Qb5+ 24. Ke1 Qxb2 25. Rxa2 Qb1+ 26. Qxb1 Rxb1+ 27. Kd2 Ra8 28. Kc2 Rb7 29. f4 a5 30. g4 a4 31. f5 Rc8+ 32. Kd2 Ra7 33. d5 Ra6 34. d6 a3 35. Kd1 Rb8 36. Bc1 Rba8 37. Kc2 Rc8+ 38. Kd1 exf5 39. gxf5 f6 40. d7 Rd8 41. e6 g6 42. Ke2 gxf5 43. e7 Re6+ 44. Kf1 Rxe7 45. Bxh6 Rexd7 46. Rg2+ Kf7 0-1